| 000 | 00693nam a22001937a 4500 | ||
|---|---|---|---|
| 003 | NUST - PNEC | ||
| 005 | 20170116181205.0 | ||
| 008 | 160302b xxu||||| |||| 00| 0 eng d | ||
| 020 | _a0071147268 | ||
| 040 | _cLIBRARY | ||
| 082 | _a629.892 SCI | ||
| 100 |
_916675 _aSciavicco, Lorenzo |
||
| 245 |
_aModelling and control of robot manipulators _cLorenzo Sciavicco |
||
| 260 |
_aNew York _bMcGraw-Hill Companies, Inc. _cc.1996 |
||
| 300 | _a358 p. : | ||
| 650 |
_916678 _aManipulators (Mechanism) _xME |
||
| 856 | _uhttp://www.amazon.com/Modelling-Control-Robot-Manipulators-Siciliano/dp/0071147268/ref=sr_1_1?s=books&ie=UTF8&qid=1456891669&sr=1-1&keywords=0071147268 | ||
| 942 |
_2ddc _cBK |
||
| 999 |
_c71600 _d71600 |
||